000 00457nam a2200181Ia 4500
003 LK-CoDNM
008 010623t2005 xxu||||| |||| 00| 1 sin d
040 _aLK-CoDNM
_dLK-CoDNM
_eLK-CoDNM
041 _asin
080 _a77
_bPER
100 _aPerera, Keerthi Sri
245 _aඅහිමි මායිමි
246 _aFrontiers Lost
260 _bS.Godage
_aColombo
_c2005
300 _b(xvi)184, 22 cm
650 _aPhotographs
942 _cBK
999 _c124537
_d124537